States by Zoomed-In County Map - Statistics

General Stats
  • This quiz has been taken 14 times
  • The average score is 5 of 10
Answer Stats
Picture Answer % Correct
Michigan
67%
Nebraska
67%
Nevada
67%
Oregon
67%
Alaska
56%
Missouri
56%
Georgia
44%
New Mexico
44%
Tennessee
44%
New Hampshire
33%
No matching quizzes found
Score Distribution
Percent of People with Each Score
Percentile by Number Answered
Your Score History
You have not taken this quiz